Every Nintendo Console - Statistics

General Stats
  • This quiz has been taken 21 times
  • The average score is 23 of 56
Answer Stats
Hint Answer % Correct
1980 Game and Watch
82%
1989 Game Boy
82%
2001 Game Boy Advance
82%
1998 Game Boy Color
82%
2001 Game Cube
82%
2011 Nintendo 3DS
82%
1996 Nintendo 64
82%
2004 Nintendo DS
82%
1983 Nintendo Entertainment System
82%
2006 Nintendo Wii
82%
1990 Super Nintendo Entertainment System
82%
2017 Nintendo Switch
73%
2025 Nintendo Switch 2
73%
2012 Wii U
73%
2013 Nintendo 2DS
64%
2006 Nintendo DS Lite
64%
1977 Color TV-Game
55%
1996 Game Boy Pocket
55%
2012 Nintendo 3DS XL
55%
2008 Nintendo DSi
55%
2019 Nintendo Switch Lite
55%
2021 Nintendo Switch OLED
55%
2005 Game Boy Micro
45%
2014 New Nintendo 3DS
45%
1995 Virtual Boy
45%
2003 Game Boy Advance SP
36%
1997 Game Boy Light
36%
2003 Game Boy Player
36%
2016 NES Classic Edition
36%
2017 New Nintendo 2DS XL
36%
2014 New Nintendo 3DS XL
36%
1999 Nintendo 64DD
36%
2009 Nintendo DSi XL
36%
1995 Satellaview
36%
2017 SNES Classic Edition
36%
2011 Wii Family Edition
36%
2012 Wii Mini
36%
1998 Game Boy Camera
27%
1998 Game Boy Printer
27%
1992 Barcode Boy
18%
2003 iQue Player
18%
1998 Game Boy Pocket Sonar
9%
2001 Panasonic Q
9%
2008 Activity Meter
0%
1983 Computer Mah-jong Yakuman
0%
2013 Fit Meter
0%
2020 Game and Watch: Super Mario Bros.
0%
2021 Game and Watch: The Legend of Zelda
0%
2001 Mobile Adapter GB
0%
2002 Nintendo e-Reader
0%
1993 Nintendo Gateway System
0%
2001 Pokemon Mini
0%
1998 Pokemon Pikachu
0%
1999 Pokemon Pikachu 2 GS
0%
2010 Pokewalker
0%
2006 Visteon Dockable Entertainment
0%
No matching quizzes found
Score Distribution
Percent of People with Each Score
Percentile by Number Answered
Your Score History
You have not taken this quiz